000 00260nam a2200109Ia 4500
008 190913s9999||||xx |||||||||||||| ||und||
100 _aDr Sayad Abdullah
245 0 _awajhe se abdulhaq tak
260 _aLahore
_bSang-e-meel
_c2012
300 _a588
942 _cBK
999 _c7984
_d7984